A Modern Economic History of Africa (Record no. 19125)
[ view plain ]
| 000 -LEADER | |
|---|---|
| fixed length control field | 00498nam a2200193Ia 4500 |
| 003 - CONTROL NUMBER IDENTIFIER | |
| control field | 0100 |
| 008 - FIXED-LENGTH DATA ELEMENTS--GENERAL INFORMATION | |
| fixed length control field | 130303s9999 xx 000 0 und d |
| 040 ## - CATALOGING SOURCE | |
| Transcribing agency | ARRUPELIB |
| 050 ## - LIBRARY OF CONGRESS CALL NUMBER | |
| Classification number | HC501.Z4 1993 |
| 100 ## - MAIN ENTRY--PERSONAL NAME | |
| Personal name | Zeleza, Paul Tiyambe |
| 245 #2 - TITLE STATEMENT | |
| Title | A Modern Economic History of Africa |
| 245 ## - TITLE STATEMENT | |
| Remainder of title | The Nineteenth Century |
| 250 ## - EDITION STATEMENT | |
| Edition statement | volume 1 |
| 260 ## - PUBLICATION, DISTRIBUTION, ETC. (IMPRINT) | |
| Place of publication, distribution, etc | Dakar, Senegal |
| 260 ## - PUBLICATION, DISTRIBUTION, ETC. (IMPRINT) | |
| Name of publisher, distributor, etc | Council for the Development of Social Research in Africa |
| 260 ## - PUBLICATION, DISTRIBUTION, ETC. (IMPRINT) | |
| -- | 1993 |
| 300 ## - PHYSICAL DESCRIPTION | |
| Extent | 501p |
| 942 00 - ADDED ENTRY ELEMENTS (KOHA) | |
| Koha issues (borrowed), all copies | 1 |
| Withdrawn status | Lost status | Source of classification or shelving scheme | Damaged status | Not for loan | Collection code | Home library | Current library | Shelving location | Date acquired | Total Checkouts | Full call number | Barcode | Date last seen | Date checked out | Copy number | Price effective from | Koha item type |
|---|---|---|---|---|---|---|---|---|---|---|---|---|---|---|---|---|---|
| Library of Congress Classification | Main Collection | ARRUPE LIBRARY | ARRUPE LIBRARY | 04/03/2013 | 2 | HC501.Z4 1993 | 46003044695 | 23/04/2018 | 10/09/2015 | 1 | 04/03/2013 | Monograph ( Printed materials) | |||||
| Library of Congress Classification | Main Collection | ARRUPE LIBRARY | ARRUPE LIBRARY | 04/03/2013 | HC501.Z4 1993 | 46003044698 | 23/04/2018 | 2 | 04/03/2013 | Monograph ( Printed materials) |